Los carolingios /

Guardado en:
Formato: Deslizar
Series:Erase una vez el hombre
Materias:
Etiquetas: Agregar Etiqueta
Sin Etiquetas, Sea el primero en etiquetar este registro!
LEADER 00893ngm a22002535g 4500
001 CEM.cems022450
008 130507b2000##################0###0#####d
005 20241104150051.0
245 0 0 |a Los carolingios / 
300 |a 26'. 
490 0 |a Erase una vez el hombre 
500 |a En soporte VHS, consultar en ventanilla. 
505 0 |a El avance de los bárbaros. Atila y su avance sobre Occidente. Carlomagno y su Imperio. Los avances científicos. La instrucción y la moral cristiana. El tratado de Verdún. 
538 |a Soporte: VHS - Norma: Pal N - Color: Si - Grabación DRD 2000 - Hitachi=3515 
082 9 4 |/ ERA 
653 |a HISTORIA 
653 |a EDAD MEDIA 
653 |a CARLOMAGNO 
653 |a CAROLINGIOS 
653 |a ATILA 
653 |a BARBAROS 
653 |a VERDUN 
653 |a TRATADO DE VERDUN 
859 |a CEMS  |b BIB. CEMS - Depto. Recursos Didacticos  |h 940  |i ERA  |k DRD  |p 1093.12  |t Ej.1